000 00418ntaaa2200169 4500
003 01
005 20251027201929.0
008 0714s1973 ag 01
040 _aAR-BaBN
_bspa
_cAR-BaBN
_eaacr
_dRIC
082 _a244.4160 H28h
100 _aHatcher, Harvey
_917837
245 _aHoly Nativity; a Christmas pageant.
250 _a1 ed. :
_bBroadman Press,
_cc/957
300 _a27 p.
650 _aNavidad
942 _cBK
999 _c14003
_d14003